[Event "Isthmia op 5th"]
[Site "Loutraki"]
[Date "2015.08.19"]
[Round "2"]
[White "David, Alexandru Vasile"]
[Black "Sverkounos, Spyridon"]
[Result "1-0"]
[WhiteElo "2584"]
[BlackElo "1957"]
[PlyCount "76"]
[EventDate "2015.08.18"]
[EventType "swiss"]
[EventRounds "9"]
[EventCountry "GRE"]
[SourceTitle "EXT 2016"]
[Source "ChessBase"]
[SourceDate "2015.10.08"]
[SourceVersion "1"]
[SourceVersionDate "2015.10.08"]
[SourceQuality "1"]

1. e4 c5 2. Nf3 d6 3. Bb5+ Nd7 4. 0-0 a6 5. Bd3 Ngf6 6. Re1 b5 7. a4 Bb7 8. axb5 axb5 9. Rxa8 Qxa8 10. Bxb5 Bxe4 11. Nc3 Bxf3 12. Qxf3 Qxf3 13. gxf3 e6 14. d3 g6 15. Bf4 Be7 16. Ra1 0-0 17. Ra7 Rd8 18. Ne4 Nd5 19. Bg3 N5b6 20. Nxd6 Bxd6 21. Bxd6 Nc8 22. Ra8 Ndb6 23. Bc7 Nxa8 24. Bxd8 Nab6 25. c4 e5 26. Kf1 Kg7 27. f4 f6 28. Ba6 Kf7 29. fxe5 fxe5 30. Bc7 Ke6 31. Ke2 g5 32. f3 h5 33. h3 Kf6 34. Ke3 Kf5 35. b3 g4 36. hxg4+ hxg4 37. fxg4+ Kxg4 38. Ke4 Na8 1-0

[Event "Isthmia op 3rd"]
[Site "Vrachati"]
[Date "2013.08.21"]
[Round "5"]
[White "Sverkounos, Spyridon"]
[Black "Nikolaidis, Konstantinos"]
[Result "1/2-1/2"]
[WhiteElo "1977"]
[BlackElo "2218"]
[PlyCount "56"]
[EventDate "2013.08.18"]
[EventType "swiss"]
[EventRounds "9"]
[EventCountry "GRE"]
[SourceTitle "CBM 156 Extra"]
[Source "ChessBase"]
[SourceDate "2013.10.22"]
[SourceVersion "1"]
[SourceVersionDate "2013.10.22"]
[SourceQuality "1"]

1. c4 c5 2. Nc3 Nc6 3. e4 g6 4. g3 Bg7 5. Bg2 e6 6. Nge2 d6 7. d3 Nge7 8. 0-0 0-0 9. Be3 Nd4 10. Qd2 Re8 11. Nb5 Nxe2+ 12. Qxe2 a6 13. Nc3 Nc6 14. Qd2 Rb8 15. Rad1 b5 16. b3 Bd7 17. Ne2 Nd4 18. Bxd4 cxd4 19. f4 Qb6 20. Kh1 a5 21. g4 f5 22. gxf5 exf5 23. Ng3 a4 24. exf5 Bxf5 25. Nxf5 gxf5 26. Bd5+ Kh8 27. Rg1 axb3 28. Qg2 Qc7 1/2-1/2

[Event "Isthmia op 3rd"]
[Site "Vrachati"]
[Date "2013.08.18"]
[Round "1"]
[White "Sverkounos, Spyridon"]
[Black "Krishna, C Revanth Gopala"]
[Result "1/2-1/2"]
[WhiteElo "1977"]
[BlackElo "2339"]
[PlyCount "116"]
[EventDate "2013.08.18"]
[EventType "swiss"]
[EventRounds "9"]
[EventCountry "GRE"]
[SourceTitle "CBM 156 Extra"]
[Source "ChessBase"]
[SourceDate "2013.10.22"]
[SourceVersion "1"]
[SourceVersionDate "2013.10.22"]
[SourceQuality "1"]

1. c4 e5 2. Nc3 Nf6 3. g3 c6 4. Nf3 e4 5. Nd4 d5 6. cxd5 Qb6 7. Nb3 cxd5 8. Bg2 Bf5 9. d3 exd3 10. Be3 Qa6 11. exd3 Bxd3 12. Nxd5 Nxd5 13. Bxd5 Bb4+ 14. Bd2 Bxd2+ 15. Kxd2 0-0 16. Qf3 Nc6 17. Qxd3 Qb6 18. Ke2 Nb4 19. Qd4 Qxd4 20. Nxd4 Nxd5 21. Rhd1 Rad8 22. Rd2 Nb6 23. Rc1 Rd5 24. Rc7 Re8+ 25. Kd1 Kf8 26. Nf3 Rxd2+ 27. Kxd2 Re7 28. Rxe7 Kxe7 29. Kd3 f6 30. Kd4 Ke6 31. Nd2 Nd5 32. a3 h5 33. f4 Ne7 34. Ke4 g6 35. Nf3 Nf5 36. b4 Nd6+ 37. Kd3 Kd5 38. Nh4 g5 39. fxg5 fxg5 40. Nf3 g4 41. Nd4 Nc4 42. Ne2 Nxa3 43. Nf4+ Ke5 44. Nxh5 Nb5 45. Nf4 Nc7 46. h3 gxh3 47. Nxh3 Nd5 48. Kc4 Kd6 49. Nf2 a6 50. g4 b5+ 51. Kb3 Ke5 52. Nd3+ Kd4 53. Nc5 Nc7 54. g5 Ke5 55. Kc3 Nd5+ 56. Kb3 Nc7 57. Kc3 Nd5+ 58. Kb3 Nc7 1/2-1/2

[Event "GRE-chT 40th"]
[Site "Achaia"]
[Date "2012.07.05"]
[Round "7.14"]
[White "Papadopoulos, Nikolaos"]
[Black "Sverkounos, Spyridon"]
[Result "1-0"]
[WhiteElo "2138"]
[BlackElo "2000"]
[PlyCount "117"]
[EventDate "2012.06.30"]
[EventType "team-swiss"]
[EventRounds "7"]
[EventCountry "GRE"]
[SourceTitle "CBM 149 Extra"]
[Source "ChessBase"]
[SourceDate "2012.08.24"]
[SourceVersion "1"]
[SourceVersionDate "2012.08.24"]
[SourceQuality "1"]
[WhiteTeam "Von Heraklion Contact"]
[BlackTeam "Elefsinas STM"]
[WhiteTeamCountry "GRE"]
[BlackTeamCountry "GRE"]

1. d4 d5 2. Nf3 Nf6 3. c4 e6 4. g3 Bb4+ 5. Nc3 0-0 6. Bg2 c6 7. 0-0 Nbd7 8. Qb3 Be7 9. Bf4 b6 10. Rfe1 Bb7 11. Rad1 dxc4 12. Qxc4 b5 13. Qb3 Qb6 14. e4 a6 15. Qc2 Rac8 16. h3 Rfd8 17. e5 Nd5 18. Bg5 Bxg5 19. Nxg5 Nf8 20. Nge4 Rc7 21. Nd6 Ba8 22. Nce4 Ne7 23. b4 Nc8 24. Qc3 Nxd6 25. Nxd6 Ng6 26. a4 bxa4 27. Ra1 Ne7 28. Rxa4 Nd5 29. Be4 Rb8 30. Rxa6 Qxb4 31. Rea1 Qc4 32. Nxc4 Rcc8 33. Nd6 Rf8 34. Ra7 Nxc3 35. Bf3 Rb1+ 36. Rxb1 Nxb1 37. Bg4 Nc3 38. Nxf7 Nb5 39. Rd7 Nxd4 40. Ng5 c5 41. Nxe6 Rb8 42. f4 h5 43. Bxh5 Rb1+ 44. Kf2 Rb2+ 45. Ke1 g6 46. Nxd4 gxh5 47. Rd8+ Kf7 48. Rxa8 cxd4 49. Rd8 Rg2 50. g4 h4 51. Rxd4 Rg3 52. Kf2 Rxh3 53. f5 Ra3 54. Rd7+ Kg8 55. e6 Ra2+ 56. Kf3 Ra3+ 57. Kf4 h3 58. Rd1 Kg7 59. e7 1-0

[Event "Isthmia op 1st"]
[Site "Vrachati"]
[Date "2011.08.18"]
[Round "1"]
[White "Baklan, Vladimir"]
[Black "Sverkounos, Spyridon"]
[Result "1-0"]
[WhiteElo "2620"]
[BlackElo "2051"]
[PlyCount "121"]
[EventDate "2011.08.18"]
[EventType "swiss"]
[EventRounds "9"]
[EventCountry "GRE"]
[SourceTitle "CBM 144 Extra"]
[Source "ChessBase"]
[SourceDate "2011.10.28"]
[SourceVersion "1"]
[SourceVersionDate "2011.10.28"]
[SourceQuality "1"]

1. e4 c5 2. c3 Nf6 3. e5 Nd5 4. Nf3 Nc6 5. Bc4 Nb6 6. Bb3 c4 7. Bc2 Qc7 8. Qe2 g5 9. h3 Bg7 10. 0-0 g4 11. hxg4 Nxe5 12. Nxe5 Qxe5 13. Qxe5 Bxe5 14. d4 cxd3 15. Bxd3 d6 16. g5 Bd7 17. Re1 e6 18. Na3 a6 19. Be3 Nd5 20. Nc4 Bf4 21. Bd4 0-0 22. Be4 Bc6 23. g3 Bxg5 24. Nxd6 Rad8 25. Nc4 Ne7 26. f4 Bxe4 27. Rxe4 Bh6 28. Bc5 Rfe8 29. Nd6 Rxd6 30. Bxd6 Nf5 31. Be5 Nxg3 32. Re3 Nf5 33. Rd3 f6 34. Bxf6 Bxf4 35. Re1 Kf7 36. Be5 Bxe5 37. Rxe5 Kf6 38. Re4 Re7 39. Rh3 Rd7 40. Re2 b5 41. Kf2 a5 42. Ke1 h6 43. Rg2 b4 44. Rg4 bxc3 45. Rxc3 Rb7 46. b3 h5 47. Ra4 Rb5 48. Rac4 Rb7 49. Rc5 Ra7 50. Rc7 Ra8 51. Rc8 Ra7 52. R3c7 Ra6 53. Rf8+ Ke5 54. Rc5+ Kd4 55. Rc4+ Ke5 56. Ra4 h4 57. b4 Rc6 58. bxa5 Ra6 59. Rb8 Nd4 60. Kf2 Nc6 61. Rb6 1-0